Fibre reinforced polymers in construction (Record no. 104189)

MARC details
000 -LEADER
fixed length control field 00935cam a2200241 4500
001 - CONTROL NUMBER
control field L129431
008 - FIXED-LENGTH DATA ELEMENTS--GENERAL INFORMATION
fixed length control field 050414n2003 000 0 eng u
020 ## - INTERNATIONAL STANDARD BOOK NUMBER
International Standard Book Number 1860816355
035 ## - SYSTEM CONTROL NUMBER
System control number (Sirsi) u129431
041 ## - LANGUAGE CODE
Language code of text/sound track or separate title eng
050 ## - LIBRARY OF CONGRESS CALL NUMBER
Classification number 693.9
-- 18
100 ## - MAIN ENTRY--PERSONAL NAME
Personal name Halliwell, Sue
245 ## - TITLE STATEMENT
Title Fibre reinforced polymers in construction
Remainder of title durability
260 ## - PUBLICATION, DISTRIBUTION, ETC.
Place of publication, distribution, etc. Watford
Name of publisher, distributor, etc. BRE
Date of publication, distribution, etc. 2003
300 ## - PHYSICAL DESCRIPTION
Extent 8p.
Dimensions 30cm.
350 ## - PRICE (NR) (BK AM CF MU VM SE) [OBSOLETE]
Price 12
490 ## - SERIES STATEMENT
Series statement BRE Information Paper
Volume/sequential designation IP10/03
520 ## - SUMMARY, ETC.
Summary, etc. Provides information on the performance in service of fibre reinforced polymers. Gives background to their application in construction, along with key issues relating to durability and performance in service.
690 ## - LOCAL SUBJECT ADDED ENTRY--TOPICAL TERM (OCLC, RLIN)
Topical term or geographic name as entry element BUILT ENVIRONMENT-BUILDING MATERIALS- PLASTICS, RUBBER, CHEMICAL AND SYNTHETICS-COMPOSITE PLASTICS
710 ## - ADDED ENTRY--CORPORATE NAME
Corporate name or jurisdiction name as entry element Building Research Establishment
710 ## - ADDED ENTRY--CORPORATE NAME
Corporate name or jurisdiction name as entry element United Kingdom
Subordinate unit Department of Trade and Industry
942 ## - ADDED ENTRY ELEMENTS (KOHA)
Suppress in OPAC 0
Holdings
Withdrawn status Lost status Source of classification or shelving scheme Damaged status Not for loan Home library Current library Shelving location Date acquired Total Checkouts Full call number Barcode Date last seen Copy number Price effective from Koha item type
    Dewey Decimal Classification     London London Enquiry desk 19/04/2005   ENQUIRY DESK 30069790 06/08/2019 1 06/08/2019 Book